| 000 | 00954nam a2200265Ia 4500 | ||
|---|---|---|---|
| 003 | GCL | ||
| 008 | 140319s9999 xx 000 0 ara d | ||
| 020 | _a6471208977 | ||
| 040 |
_aGCL / _cGCL |
||
| 082 | 0 | 4 |
_a953 _bن ع |
| 100 | 1 | _aنتنج انتونى | |
| 245 | 1 | 0 |
_aالعرب منذ العصر الجاهلى حتى عصر جمال عبد الناصر / _cنتنج انتونى |
| 700 | 1 | _aحلمى سلامة | |
| 260 |
_aالقاهرة : _bمكتبة مدبولى ، _c2004 |
||
| 300 |
_a522 ص ؛ _c25 سم |
||
| 650 | 0 | 4 | _aالحروب الصليبية |
| 650 | 0 | 4 | _aالقضية الفلسطينية |
| 650 | 0 | 4 | _aالتاريخ الاسلامى |
| 650 | 0 | 4 | _aاستقلال البلاد العربية |
| 650 | 0 | 4 | _aالاستعمار فى البلاد العربية |
| 650 | 0 | 4 | _aمصر - تاريخ |
| 650 | 0 | 4 | _aالعالم العربى - تاريخ |
| 650 | 0 | 4 | _aالشرق الاوسط - تاريخ |
| 942 |
_2ddc _cBK |
||
| 999 |
_c33696 _d33696 |
||